| 000 | 00638nam a22001817a 4500 | ||
|---|---|---|---|
| 005 | 20170721165259.0 | ||
| 010 | _aENG-119288 | ||
| 020 |
_a9788175418592 _c350.00 |
||
| 035 | _aEN-102806 | ||
| 037 | _bDBAD/PUB | ||
| 082 | _a954.00882701 | ||
| 100 | _aKhurshid Anwar Arfi | ||
| 245 |
_aMomin movement and Ansari community : _ba saga of struggle and sacrifice during India's freedom movement / _cby Khurshid Anwar Arfi |
||
| 260 |
_aDelhi _bShipra Publications _c2016 |
||
| 270 |
_aLG 18-19, Pankaj Central Market, Patparganj _bDelhi _e110091 |
||
| 300 |
_avii,166p. _c22cm(pbk) |
||
| 942 |
_2ddc _cEN _h954.00882701 _mKHU |
||
| 999 |
_c142788 _d142788 |
||